The one who waits for me / Lori Copeland.
Available copies
- 0 of 1 copy available at LARL/NWRL Consortium.
Current holds
1 current hold with 1 total copy.
View other formats and editions
Show Only Available Copies
| Location | Call Number / Copy Notes | Barcode | Shelving Location | Status | Due Date |
|---|---|---|---|---|---|
| Greenbush Public Library | COP (Text) | 35500004944730 | Main | In transit | - |
Record details
- ISBN: 9780736930185 (pbk.)
- Physical Description: 300 p. ; 22 cm.
- Publisher: Eugene, Or. : Harvest House Publishers, 2011.
Search for related items by subject
| Subject: | North Carolina > History > 1865- > Fiction. |
| Genre: | Christian fiction. |
| LDR | 00828cam a22002538a 4500 | ||
|---|---|---|---|
| 001 | 133976 | ||
| 003 | LARL_NWRL_CONSORTIUM | ||
| 005 | 20110209093535.0 | ||
| 008 | 101206s2011 oru 000 1 eng | ||
| 010 | . | ‡a2010050021 | |
| 020 | . | ‡a9780736930185 (pbk.) | |
| 040 | . | ‡aDLC ‡cDLC | |
| 043 | . | ‡an-us-nc | |
| 049 | . | ‡aNRG | |
| 050 | 0 | 0. | ‡aPS3553.O6336 ‡bO55 2011 |
| 082 | 0 | 0. | ‡a813/.54 ‡222 |
| 100 | 1 | . | ‡aCopeland, Lori. ‡0(LARL_NWRL_CONSORTIUM)104035 |
| 245 | 1 | 4. | ‡aThe one who waits for me / ‡cLori Copeland. |
| 260 | . | ‡aEugene, Or. : ‡bHarvest House Publishers, ‡c2011. | |
| 300 | . | ‡a300 p. ; ‡c22 cm. | |
| 651 | 0. | ‡aNorth Carolina ‡xHistory ‡y1865- ‡vFiction. | |
| 655 | 7. | ‡aChristian fiction. ‡2gsafd | |
| 901 | . | ‡a133976 ‡bISxN ‡c133976 ‡tbiblio | |

Add to basket
Permalink
Disable Highlighting